000 01424nam a2200421 i 4500
001 54271
003 KOSZ 005
005 20210917085716.0
008 010409s2001 pl a f f |001 0 pol
015 _aPB 2001/5937
020 _a8320813298
035 _a(OCoLC)749201524
040 _aWA N
_cWA N
_dKOSZ 005/HR
041 0 _apol
046 _k2001
080 _a911.3:33
080 _a(075.8)
245 0 0 _aPodstawy geografii ekonomicznej :
_bpraca zbiorowa /
_cpod redakcją Jerzego Wrony i Jadwigi Rek.
250 _aWydanie 2 zmienione.
260 _aWarszawa :
_bPolskie Wydawnictwo Ekonomiczne,
_c2001.
300 _a428 s. :
_bil., mapy ;
_c24 cm.
336 _2rdacontent
_aTekst
_btxt
337 _2rdamedia
_aBez urządzenia pośredniczącego
_bn
338 _2rdacarrier
_aWolumin
_bnc
380 _aKsiążki
380 _aPublikacje dydaktyczne
385 _mPoziom nauczania
_aSzkoły wyższe
388 _a2001-
504 _aBibliogr. - Indeks.
658 _aGospodarka, ekonomia, finanse
655 4 _aPodręczniki akademickie
650 4 _aGeografia gospodarcza
700 1 _aWrona, Jerzy
_d(1947- ).
_eRedakcja
700 1 _aRek, Jadwiga
_d(1939- ).
_eRedakcja
710 2 _aPolskie Wydawnictwo Ekonomiczne
_4pbl.
856 _uhttp://koha.tu.koszalin.pl/cgi-bin/koha/opac-detail.pl?biblionumber=54271
_yKatalog online BPK
942 _2UKD
_cKS
999 _c54271
_d54271